[Event "Mästar Elit"]
[Site "Örebro"]
[Date "2013.07.13"]
[Round "8"]
[White "Lindgren, Philip"]
[Black "Sagit, Rauan"]
[Result "1/2-1/2"]
[BlackElo "2355"]
[WhiteElo "2287"]

1. d4 {[%clk 1:30:13]} Nf6 {[%clk 1:24:56]} 2. c4 {[%clk 1:30:30]} c5
{[%clk 1:24:57]} 3. d5 {[%clk 1:30:38]} b5 {[%clk 1:25:09]} 4. cxb5
{[%clk 1:30:42]} a6 {[%clk 1:25:25]} 5. bxa6 {[%clk 1:30:49]} g6 {[%clk 1:25:15]}
6. Nc3 {[%clk 1:31:02]} Bxa6 {[%clk 1:25:27]} 7. Nf3 {[%clk 1:28:45]} d6
{[%clk 1:25:31]} 8. e4 {[%clk 1:28:21]} Bxf1 {[%clk 1:25:45]} 9. Kxf1
{[%clk 1:28:46]} Bg7 {[%clk 1:25:39]} 10. g3 {[%clk 1:29:04]} O-O
{[%clk 1:25:33]} 11. Kg2 {[%clk 1:29:22]} Nbd7 {[%clk 1:25:16]} 12. Re1
{[%clk 1:28:44]} Ng4 {[%clk 1:23:02]} 13. Qe2 {[%clk 1:18:35]} Qa5
{[%clk 1:21:37]} 14. Nd2 {[%clk 1:05:23]} Bxc3 {[%clk 1:20:35]} 15. Nc4
{[%clk 1:03:44]} Qa6 {[%clk 1:20:48]} 16. bxc3 {[%clk 1:03:51]} Nge5
{[%clk 1:20:48]} 17. Nxe5 {[%clk 1:03:52]} Nxe5 {[%clk 1:20:38]} 18. Bh6
{[%clk 0:59:44]} Rfb8 {[%clk 1:19:07]} 19. Qxa6 {[%clk 0:55:17]} Rxa6
{[%clk 1:19:24]} 20. Reb1 {[%clk 0:53:02]} Rba8 {[%clk 1:18:15]} 21. Rb7
{[%clk 0:39:54]} Ng4 {[%clk 1:17:17]} 22. Bf4 {[%clk 0:40:05]} Kf8
{[%clk 1:17:09]} 23. h3 {[%clk 0:30:44]} Nf6 {[%clk 1:16:48]} 24. Bg5
{[%clk 0:25:05]} Nxe4 {[%clk 0:47:06]} 25. Bh6+ {[%clk 0:25:01]} Ke8
{[%clk 0:44:02]} 26. Re1 {[%clk 0:25:16]} f5 {[%clk 0:44:09]} 27. f3
{[%clk 0:25:09]} Rxa2+ {[%clk 0:44:22]} 28. Kg1 {[%clk 0:25:33]} Ra1
{[%clk 0:44:27]} 29. Bc1 {[%clk 0:25:58]} Rxc1 {[%clk 0:21:44]} 30. Rxc1
{[%clk 0:25:37]} Nf6 {[%clk 0:21:31]} 31. Re1 {[%clk 0:15:28]} Nd7
{[%clk 0:21:21]} 32. f4 {[%clk 0:14:12]} Ra3 {[%clk 0:17:44]} 33. Re3
{[%clk 0:13:58]} Kd8 {[%clk 0:16:36]} 34. Kf2 {[%clk 0:12:24]} c4
{[%clk 0:13:14]} 35. Rb4 {[%clk 0:08:58]} Nf6 {[%clk 0:12:34]} 36. Rxc4
{[%clk 0:09:00]} Nxd5 {[%clk 0:12:45]} 37. Rd3 {[%clk 0:08:37]} Nf6
{[%clk 0:12:05]} 38. Kf3 {[%clk 0:04:22]} h5 {[%clk 0:09:42]} 39. Rcd4
{[%clk 0:02:15]} Ra2 {[%clk 0:08:54]} 40. Rd2 {[%clk 0:31:36]} Ra3
{[%clk 0:38:51]} 41. R4d3 {[%clk 0:29:58]} Ra5 {[%clk 0:31:01]} 42. Re3
{[%clk 0:28:21]} Ra7 {[%clk 0:29:36]} 43. Re6 {[%clk 0:22:45]} Rd7
{[%clk 0:24:08]} 44. c4 {[%clk 0:20:45]} Ke8 {[%clk 0:23:23]} 45. Re3
{[%clk 0:17:56]} Kf7 {[%clk 0:22:33]} 46. Rde2 {[%clk 0:17:24]} Rc7
{[%clk 0:22:28]} 47. Re1 {[%clk 0:17:15]} Ng8 {[%clk 0:19:24]} 48. Rc1
{[%clk 0:17:20]} Nf6 {[%clk 0:17:12]} 49. Rce1 {[%clk 0:17:48]} Nh7
{[%clk 0:14:28]} 50. g4 {[%clk 0:16:07]} hxg4+ {[%clk 0:08:30]} 51. hxg4
{[%clk 0:16:27]} Nf6 {[%clk 0:08:07]} 52. gxf5 {[%clk 0:16:27]} gxf5
{[%clk 0:08:28]} 53. R1e2 {[%clk 0:12:32]} Ng8 {[%clk 0:08:25]} 54. Rc2
{[%clk 0:11:41]} Rc5 {[%clk 0:06:51]} 55. Rb3 {[%clk 0:10:43]} Nf6
{[%clk 0:06:48]} 56. Rb5 {[%clk 0:10:33]} Ne4 {[%clk 0:04:16]} 57. Rxc5
{[%clk 0:10:47]} Nxc5 {[%clk 0:04:36]} 58. Ke3 {[%clk 0:10:11]} Kf6
{[%clk 0:04:21]} 59. Rh2 {[%clk 0:09:32]} Kg6 {[%clk 0:03:58]} 60. Rh8
{[%clk 0:08:27]} Kg7 {[%clk 0:03:35]} 61. Rh4 {[%clk 0:06:41]} Ne4
{[%clk 0:02:38]} 62. Kd4 {[%clk 0:06:12]} e6 {[%clk 0:02:45]} 63. Rh1
{[%clk 0:05:25]} Nc5 {[%clk 0:02:30]} 64. Rg1+ {[%clk 0:05:09]} Kf7
{[%clk 0:02:40]} 65. Rb1 {[%clk 0:05:02]} Ne4 {[%clk 0:02:12]} 66. Ra1
{[%clk 0:02:43]} Kg6 {[%clk 0:02:09]} 67. Rh1 {[%clk 0:01:48]} Kg7
{[%clk 0:02:11]} 68. Rh2 {[%clk 0:01:45]} Kg6 {[%clk 0:02:03]} 69. Rh8
{[%clk 0:01:57]} Kf6 {[%clk 0:02:18]} 70. Rh6+ {[%clk 0:02:03]} Ke7
{[%clk 0:02:28]} 71. Rh7+ {[%clk 0:02:25]} Kf6 {[%clk 0:02:40]} 72. Rh6+
{[%clk 0:01:39]} Ke7 {[%clk 0:02:03]} 73. Rh7+ {[%clk 0:01:32]} 1/2-1/2

[Event "Mästar Elit"]
[Site "Örebro"]
[Date "2013.07.13"]
[Round "8"]
[White "Frisk Kockum, Anton"]
[Black "Cramling, Dan"]
[Result "0-1"]
[BlackElo "2371"]
[WhiteElo "2346"]

1. e4 {[%clk 1:30:57]} c5 {[%clk 1:25:00]} 2. Nf3 {[%clk 1:31:20]} e6
{[%clk 1:25:19]} 3. d4 {[%clk 1:31:42]} cxd4 {[%clk 1:25:31]} 4. Nxd4
{[%clk 1:32:03]} Nc6 {[%clk 1:25:26]} 5. Nc3 {[%clk 1:31:41]} Qc7
{[%clk 1:24:30]} 6. Be3 {[%clk 1:29:46]} a6 {[%clk 1:23:30]} 7. Nxc6
{[%clk 1:26:52]} bxc6 {[%clk 1:19:34]} 8. Be2 {[%clk 1:25:42]} Rb8
{[%clk 1:17:37]} 9. O-O {[%clk 1:14:15]} Rxb2 {[%clk 1:15:58]} 10. Na4
{[%clk 1:13:57]} Rb8 {[%clk 1:10:29]} 11. Rb1 {[%clk 1:13:36]} Rxb1
{[%clk 1:08:17]} 12. Qxb1 {[%clk 1:12:48]} Nf6 {[%clk 1:08:38]} 13. c4
{[%clk 1:02:57]} c5 {[%clk 1:03:20]} 14. Nb6 {[%clk 0:47:45]} Nxe4
{[%clk 0:47:26]} 15. Bf3 {[%clk 0:36:43]} f5 {[%clk 0:20:54]} 16. Bxe4
{[%clk 0:32:14]} fxe4 {[%clk 0:21:21]} 17. Nxc8 {[%clk 0:32:02]} Qxc8
{[%clk 0:21:45]} 18. Qxe4 {[%clk 0:32:18]} Be7 {[%clk 0:20:32]} 19. Qf3
{[%clk 0:31:24]} Bf6 {[%clk 0:18:19]} 20. Qh5+ {[%clk 0:26:10]} g6
{[%clk 0:18:34]} 21. Qxc5 {[%clk 0:26:16]} Qxc5 {[%clk 0:18:56]} 22. Bxc5
{[%clk 0:26:40]} Kf7 {[%clk 0:18:58]} 23. Be3 {[%clk 0:22:48]} Rb8
{[%clk 0:15:57]} 24. Rd1 {[%clk 0:22:39]} d5 {[%clk 0:12:50]} 25. cxd5
{[%clk 0:22:43]} exd5 {[%clk 0:13:18]} 26. g4 {[%clk 0:15:51]} d4
{[%clk 0:11:40]} 27. Bf4 {[%clk 0:14:30]} Rb2 {[%clk 0:04:40]} 28. a3
{[%clk 0:14:02]} Ke6 {[%clk 0:01:27]} 29. Re1+ {[%clk 0:05:13]} Kd5
{[%clk 0:01:32]} 30. g5 {[%clk 0:05:37]} Bd8 {[%clk 0:01:56]} 31. Re5+
{[%clk 0:05:46]} Kc4 {[%clk 0:02:17]} 32. Re6 {[%clk 0:05:28]} Bb6
{[%clk 0:02:23]} 33. a4 {[%clk 0:03:47]} a5 {[%clk 0:02:47]} 34. Kg2
{[%clk 0:03:05]} d3 {[%clk 0:01:33]} 35. Rc6+ {[%clk 0:03:28]} Kd5
{[%clk 0:01:52]} 36. Rd6+ {[%clk 0:03:47]} Ke4 {[%clk 0:01:59]} 37. Kg3
{[%clk 0:04:11]} Bxf2+ {[%clk 0:02:13]} 38. Kg4 {[%clk 0:04:33]} Bd4
{[%clk 0:02:01]} 39. Re6+ {[%clk 0:02:19]} Kd5 {[%clk 0:02:21]} 40. Re1
{[%clk 0:32:14]} Rg2+ {[%clk 0:31:41]} 41. Bg3 {[%clk 0:31:34]} d2
{[%clk 0:31:10]} 42. Rd1 {[%clk 0:31:30]} Ke4 {[%clk 0:31:19]} 43. Kh3
{[%clk 0:31:13]} Re2 {[%clk 0:31:36]} 44. Bc7 {[%clk 0:30:54]} Bc3
{[%clk 0:31:31]} 0-1

[Event "Mästar Elit"]
[Site "Örebro"]
[Date "2013.07.13"]
[Round "8"]
[White "Johansson, Linus"]
[Black "Kenneskog, Theodor"]
[Result "1/2-1/2"]
[BlackElo "2228"]
[WhiteElo "2347"]

1. d4 {[%clk 1:27:45]} Nf6 {[%clk 1:30:44]} 2. c4 {[%clk 1:28:11]} g6
{[%clk 1:31:09]} 3. g3 {[%clk 1:28:38]} Bg7 {[%clk 1:31:28]} 4. Bg2
{[%clk 1:26:47]} d5 {[%clk 1:31:33]} 5. cxd5 {[%clk 1:27:13]} Nxd5
{[%clk 1:32:00]} 6. Nf3 {[%clk 1:27:38]} Nb6 {[%clk 1:32:24]} 7. Nc3
{[%clk 1:28:05]} Nc6 {[%clk 1:32:50]} 8. e3 {[%clk 1:28:31]} O-O {[%clk 1:33:16]}
9. O-O {[%clk 1:28:57]} Re8 {[%clk 1:33:29]} 10. Ne1 {[%clk 1:29:22]} a5
{[%clk 1:17:44]} 11. Nd3 {[%clk 1:27:35]} e5 {[%clk 1:15:56]} 12. Bxc6
{[%clk 1:26:22]} bxc6 {[%clk 1:16:05]} 13. Nxe5 {[%clk 1:24:25]} Bxe5
{[%clk 0:53:51]} 14. dxe5 {[%clk 1:23:38]} Ba6 {[%clk 0:54:13]} 15. Qxd8
{[%clk 1:22:45]} Raxd8 {[%clk 0:54:40]} 16. Rd1 {[%clk 1:20:34]} Rxd1+
{[%clk 0:53:31]} 17. Nxd1 {[%clk 1:21:02]} Be2 {[%clk 0:42:29]} 18. Nc3
{[%clk 1:20:18]} Bf3 {[%clk 0:42:58]} 19. b3 {[%clk 1:19:37]} Rxe5
{[%clk 0:40:34]} 20. Bb2 {[%clk 1:17:45]} Re7 {[%clk 0:40:15]} 21. Rc1
{[%clk 1:12:15]} Rd7 {[%clk 0:39:32]} 22. Nb1 {[%clk 1:10:52]} a4
{[%clk 0:24:59]} 23. Bd4 {[%clk 1:08:57]} Bd5 {[%clk 0:25:19]} 24. Nc3
{[%clk 0:56:48]} axb3 {[%clk 0:22:10]} 25. Nxd5 {[%clk 0:55:07]} cxd5
{[%clk 0:19:10]} 26. axb3 {[%clk 0:55:30]} Nc8 {[%clk 0:19:27]} 27. Be5
{[%clk 0:55:29]} Nd6 {[%clk 0:19:21]} 28. Bxd6 {[%clk 0:55:53]} cxd6
{[%clk 0:19:42]} 29. b4 {[%clk 0:56:04]} Rb7 {[%clk 0:18:46]} 30. Rb1
{[%clk 0:56:29]} Kf8 {[%clk 0:16:25]} 31. Kf1 {[%clk 0:50:18]} Ke7
{[%clk 0:16:33]} 32. Ke2 {[%clk 0:50:44]} Kd7 {[%clk 0:16:48]} 33. Kd3
{[%clk 0:51:09]} Kc6 {[%clk 0:16:51]} 34. Kd4 {[%clk 0:51:32]} Ra7
{[%clk 0:17:01]} 35. b5+ {[%clk 0:51:32]} Kb6 {[%clk 0:17:25]} 36. Rb2
{[%clk 0:51:53]} Ra1 {[%clk 0:17:13]} 37. Kxd5 {[%clk 0:52:16]} Rd1+
{[%clk 0:17:36]} 38. Ke4 {[%clk 0:52:36]} f5+ {[%clk 0:12:19]} 39. Kf4
{[%clk 0:52:35]} h6 {[%clk 0:12:02]} 40. h4 {[%clk 1:21:54]} Rd5 {[%clk 0:42:05]}
41. f3 {[%clk 1:12:03]} Rc5 {[%clk 0:35:02]} 42. Rd2 {[%clk 1:11:45]} Kc7
{[%clk 0:30:36]} 43. b6+ {[%clk 1:12:09]} Kc6 {[%clk 0:31:00]} 44. Rb2
{[%clk 1:12:08]} Kb7 {[%clk 0:24:49]} 45. Rb4 {[%clk 1:10:04]} Re5
{[%clk 0:25:12]} 46. Rb3 {[%clk 1:04:17]} Rc5 {[%clk 0:24:25]} 47. Rb4
{[%clk 0:59:59]} Re5 {[%clk 0:24:49]} 48. Rc4 {[%clk 0:55:36]} Kxb6
{[%clk 0:22:18]} 49. Rc8 {[%clk 0:53:13]} Re6 {[%clk 0:19:56]} 50. Rh8
{[%clk 0:53:34]} h5 {[%clk 0:19:16]} 51. Rc8 {[%clk 0:53:58]} Kb7
{[%clk 0:19:36]} 52. Rc3 {[%clk 0:54:22]} Kb6 {[%clk 0:17:50]} 53. e4
{[%clk 0:51:07]} fxe4 {[%clk 0:17:34]} 54. fxe4 {[%clk 0:51:35]} Kb5
{[%clk 0:16:26]} 55. Rc1 {[%clk 0:47:09]} Kb4 {[%clk 0:15:28]} 56. Rc2
{[%clk 0:47:00]} Kb5 {[%clk 0:15:33]} 57. Rc1 {[%clk 0:46:53]} Kb4
{[%clk 0:15:59]} 58. Rd1 {[%clk 0:47:17]} Kc5 {[%clk 0:15:39]} 59. Rd5+
{[%clk 0:47:40]} Kc6 {[%clk 0:15:46]} 60. Ke3 {[%clk 0:48:01]} Kd7
{[%clk 0:14:50]} 61. Kd4 {[%clk 0:48:09]} Ke7 {[%clk 0:15:02]} 62. Rg5
{[%clk 0:47:45]} Rf6 {[%clk 0:14:35]} 63. Kd5 {[%clk 0:47:28]} Re6
{[%clk 0:14:00]} 64. e5 {[%clk 0:46:49]} dxe5 {[%clk 0:14:03]} 65. Rxe5
{[%clk 0:47:14]} Rxe5+ {[%clk 0:14:28]} 66. Kxe5 {[%clk 0:47:39]} Kf7
{[%clk 0:14:53]} 67. Kf4 {[%clk 0:47:50]} Kf6 {[%clk 0:15:11]} 68. g4
{[%clk 0:48:15]} hxg4 {[%clk 0:15:32]} 69. Kxg4 {[%clk 0:48:41]} Kf7
{[%clk 0:15:55]} 70. h5 {[%clk 0:49:07]} gxh5+ {[%clk 0:16:19]} 71. Kxh5
{[%clk 0:49:33]} 1/2-1/2

[Event "Mästar Elit"]
[Site "Örebro"]
[Date "2013.07.14"]
[Round "9"]
[White "Andersson, Tommy"]
[Black "Frisk Kockum, Anton"]
[Result "1-0"]
[BlackElo "2346"]
[WhiteElo "2345"]

1. Nf3 {[%clk 1:30:56]} c5 {[%clk 1:29:23]} 2. c4 {[%clk 1:30:22]} Nc6
{[%clk 1:29:47]} 3. Nc3 {[%clk 1:30:32]} d6 {[%clk 1:30:01]} 4. d4
{[%clk 1:30:12]} cxd4 {[%clk 1:29:59]} 5. Nxd4 {[%clk 1:30:31]} g6
{[%clk 1:29:26]} 6. Nxc6 {[%clk 1:27:25]} bxc6 {[%clk 1:29:47]} 7. g3
{[%clk 1:27:36]} Bg7 {[%clk 1:22:14]} 8. Bg2 {[%clk 1:26:53]} Bd7
{[%clk 1:21:26]} 9. O-O {[%clk 1:18:49]} Nf6 {[%clk 1:18:56]} 10. c5
{[%clk 1:14:55]} d5 {[%clk 1:14:07]} 11. e4 {[%clk 1:08:58]} Bg4 {[%clk 1:05:42]}
12. Qa4 {[%clk 1:03:12]} d4 {[%clk 0:58:59]} 13. e5 {[%clk 0:59:59]} Nd7
{[%clk 0:57:52]} 14. Qxd4 {[%clk 0:25:30]} Nxe5 {[%clk 0:57:04]} 15. Bxc6+
{[%clk 0:22:23]} Kf8 {[%clk 0:51:19]} 16. Qxd8+ {[%clk 0:21:52]} Rxd8
{[%clk 0:51:40]} 17. Bb7 {[%clk 0:19:16]} Rb8 {[%clk 0:44:21]} 18. Bg2
{[%clk 0:11:12]} Rc8 {[%clk 0:38:48]} 19. Be3 {[%clk 0:07:22]} Nc4
{[%clk 0:38:13]} 20. c6 {[%clk 0:06:34]} Nxe3 {[%clk 0:34:56]} 21. fxe3
{[%clk 0:06:53]} Bxc3 {[%clk 0:34:27]} 22. bxc3 {[%clk 0:07:03]} Be2
{[%clk 0:34:49]} 23. Rfb1 {[%clk 0:06:40]} Ba6 {[%clk 0:32:36]} 24. Rb4
{[%clk 0:06:24]} e5 {[%clk 0:22:20]} 25. Rd1 {[%clk 0:06:15]} Kg7
{[%clk 0:19:35]} 26. Rd7 {[%clk 0:06:23]} Rhd8 {[%clk 0:19:22]} 27. c4
{[%clk 0:04:51]} e4 {[%clk 0:17:20]} 28. Ra4 {[%clk 0:04:01]} Bxc4
{[%clk 0:17:25]} 29. Rxd8 {[%clk 0:03:25]} 1-0

[Event "Mästar Elit"]
[Site "Örebro"]
[Date "2013.07.14"]
[Round "9"]
[White "Kenneskog, Theodor"]
[Black "Lindgren, Philip"]
[Result "1-0"]
[BlackElo "2287"]
[WhiteElo "2228"]

1. e4 {[%clk 1:30:47]} c6 {[%clk 1:30:43]} 2. d4 {[%clk 1:30:57]} d5
{[%clk 1:31:06]} 3. e5 {[%clk 1:31:22]} Bf5 {[%clk 1:31:12]} 4. Nf3
{[%clk 1:31:37]} e6 {[%clk 1:31:22]} 5. Be2 {[%clk 1:31:54]} c5 {[%clk 1:31:07]}
6. Be3 {[%clk 1:32:04]} cxd4 {[%clk 1:31:08]} 7. Nxd4 {[%clk 1:32:23]} Ne7
{[%clk 1:31:21]} 8. Nd2 {[%clk 1:32:44]} Nbc6 {[%clk 1:31:12]} 9. N2f3
{[%clk 1:33:04]} Be4 {[%clk 1:30:35]} 10. O-O {[%clk 1:33:20]} Ng6
{[%clk 1:25:50]} 11. Nxc6 {[%clk 1:33:24]} bxc6 {[%clk 1:26:07]} 12. Ng5
{[%clk 1:32:59]} Nxe5 {[%clk 1:20:34]} 13. Qd4 {[%clk 1:24:25]} Qc7
{[%clk 1:04:34]} 14. Nxe4 {[%clk 1:03:32]} dxe4 {[%clk 1:04:51]} 15. Qxe4
{[%clk 0:43:22]} Be7 {[%clk 1:01:53]} 16. Bf4 {[%clk 0:40:52]} f6
{[%clk 0:43:16]} 17. Bg3 {[%clk 0:37:29]} Kf7 {[%clk 0:40:35]} 18. f4
{[%clk 0:36:27]} Nd7 {[%clk 0:40:42]} 19. f5 {[%clk 0:26:25]} Bc5+
{[%clk 0:40:21]} 20. Kh1 {[%clk 0:26:03]} e5 {[%clk 0:40:38]} 21. Qc4+
{[%clk 0:23:14]} Ke7 {[%clk 0:35:08]} 22. Rad1 {[%clk 0:23:27]} Bb6
{[%clk 0:17:30]} 23. Qe6+ {[%clk 0:23:38]} Kd8 {[%clk 0:17:22]} 24. Qf7
{[%clk 0:23:48]} 1-0

[Event "Mästar Elit"]
[Site "Örebro"]
[Date "2013.07.14"]
[Round "9"]
[White "Sagit, Rauan"]
[Black "Persson, Andreas"]
[Result "1-0"]
[BlackElo "2167"]
[WhiteElo "2355"]

1. e4 {[%clk 1:24:14]} e5 {[%clk 1:30:42]} 2. Nf3 {[%clk 1:23:44]} Nc6
{[%clk 1:30:54]} 3. Bb5 {[%clk 1:23:53]} a6 {[%clk 1:30:55]} 4. Ba4
{[%clk 1:24:11]} Nf6 {[%clk 1:30:59]} 5. O-O {[%clk 1:24:18]} Be7
{[%clk 1:30:57]} 6. d3 {[%clk 1:21:57]} b5 {[%clk 1:30:29]} 7. Bb3
{[%clk 1:22:18]} d6 {[%clk 1:29:48]} 8. a4 {[%clk 1:22:18]} b4 {[%clk 1:29:28]}
9. h3 {[%clk 1:21:59]} O-O {[%clk 1:27:53]} 10. Re1 {[%clk 1:21:28]} Na5
{[%clk 1:26:06]} 11. Ba2 {[%clk 1:20:48]} c5 {[%clk 1:22:56]} 12. c3
{[%clk 1:18:54]} Rb8 {[%clk 1:17:05]} 13. Nbd2 {[%clk 1:17:38]} Nc6
{[%clk 1:14:06]} 14. Nc4 {[%clk 1:14:56]} Re8 {[%clk 1:09:50]} 15. Ng5
{[%clk 1:11:26]} Rf8 {[%clk 1:04:45]} 16. Ne3 {[%clk 1:09:24]} h6
{[%clk 1:03:13]} 17. Nf3 {[%clk 1:09:35]} Re8 {[%clk 1:02:38]} 18. Nd5
{[%clk 1:02:55]} Bf8 {[%clk 1:00:30]} 19. Bd2 {[%clk 0:56:06]} Nxd5
{[%clk 0:58:50]} 20. Bxd5 {[%clk 0:52:20]} Ne7 {[%clk 0:58:50]} 21. Bb3
{[%clk 0:50:25]} Ng6 {[%clk 0:57:09]} 22. cxb4 {[%clk 0:50:10]} cxb4
{[%clk 0:56:51]} 23. Rc1 {[%clk 0:49:41]} a5 {[%clk 0:52:40]} 24. Be3
{[%clk 0:39:55]} Bb7 {[%clk 0:50:52]} 25. Nh2 {[%clk 0:36:49]} Nf4
{[%clk 0:42:01]} 26. Bxf4 {[%clk 0:33:23]} exf4 {[%clk 0:42:22]} 27. Qh5
{[%clk 0:32:45]} Re7 {[%clk 0:37:10]} 28. Nf3 {[%clk 0:29:42]} Rc7
{[%clk 0:33:32]} 29. Qf5 {[%clk 0:25:44]} Rbc8 {[%clk 0:31:07]} 30. Qxf4
{[%clk 0:24:52]} g5 {[%clk 0:27:55]} 31. Qf5 {[%clk 0:23:51]} Bg7
{[%clk 0:27:25]} 32. Rxc7 {[%clk 0:23:46]} Qxc7 {[%clk 0:26:05]} 33. d4
{[%clk 0:23:27]} Re8 {[%clk 0:24:40]} 34. Qb5 {[%clk 0:16:00]} Re7
{[%clk 0:21:37]} 35. Bd5 {[%clk 0:13:22]} Bc8 {[%clk 0:20:59]} 36. Qd3
{[%clk 0:12:57]} Be6 {[%clk 0:18:29]} 37. Bxe6 {[%clk 0:10:36]} Rxe6
{[%clk 0:18:48]} 38. Nd2 {[%clk 0:08:00]} Re8 {[%clk 0:15:56]} 39. Nf3
{[%clk 0:05:07]} Qc6 {[%clk 0:14:20]} 40. b3 {[%clk 0:33:07]} Rc8
{[%clk 0:41:55]} 41. e5 {[%clk 0:30:27]} dxe5 {[%clk 0:39:58]} 42. dxe5
{[%clk 0:30:45]} Qe6 {[%clk 0:37:23]} 43. Qd1 {[%clk 0:21:19]} Bf8
{[%clk 0:35:04]} 44. Nd4 {[%clk 0:20:10]} Qd5 {[%clk 0:35:25]} 45. e6
{[%clk 0:20:14]} fxe6 {[%clk 0:34:35]} 46. Nxe6 {[%clk 0:20:32]} Qxd1
{[%clk 0:34:22]} 47. Rxd1 {[%clk 0:20:55]} Be7 {[%clk 0:33:10]} 48. Rd3
{[%clk 0:17:36]} Kf7 {[%clk 0:31:05]} 49. Nd4 {[%clk 0:17:38]} Bf6
{[%clk 0:28:20]} 50. Nb5 {[%clk 0:11:31]} Rc1+ {[%clk 0:27:42]} 51. Kh2
{[%clk 0:09:26]} Ke6 {[%clk 0:26:31]} 52. g3 {[%clk 0:08:55]} Be5
{[%clk 0:25:32]} 53. Kg2 {[%clk 0:09:14]} h5 {[%clk 0:24:22]} 54. Kf3
{[%clk 0:08:57]} Rh1 {[%clk 0:23:53]} 55. Ke4 {[%clk 0:08:41]} Re1+
{[%clk 0:22:12]} 56. Re3 {[%clk 0:08:42]} Rf1 {[%clk 0:21:24]} 57. Kf3
{[%clk 0:08:16]} Kd5 {[%clk 0:19:35]} 58. Rd3+ {[%clk 0:08:21]} Ke6
{[%clk 0:18:58]} 59. Na7 {[%clk 0:07:05]} Bc7 {[%clk 0:17:50]} 60. Nb5
{[%clk 0:05:43]} Be5 {[%clk 0:18:00]} 61. g4 {[%clk 0:05:10]} h4 {[%clk 0:16:57]}
62. Ke2 {[%clk 0:03:08]} Rc1 {[%clk 0:16:37]} 63. Rf3 {[%clk 0:02:51]} Kd5
{[%clk 0:15:09]} 64. Rf5 {[%clk 0:02:13]} Rb1 {[%clk 0:14:29]} 65. Rf3
{[%clk 0:02:05]} Rb2+ {[%clk 0:14:26]} 66. Kf1 {[%clk 0:01:23]} Rb1+
{[%clk 0:13:30]} 67. Kg2 {[%clk 0:01:47]} Rb2 {[%clk 0:13:33]} 68. Rd3+
{[%clk 0:01:56]} Ke4 {[%clk 0:13:23]} 69. Re3+ {[%clk 0:02:20]} Kd5
{[%clk 0:13:35]} 70. Kf3 {[%clk 0:02:43]} Rd2 {[%clk 0:11:57]} 71. Kg2
{[%clk 0:02:26]} Bf4 {[%clk 0:11:22]} 72. Re8 {[%clk 0:02:37]} Rb2
{[%clk 0:11:24]} 73. Rd8+ {[%clk 0:02:55]} Ke4 {[%clk 0:10:59]} 74. Na7
{[%clk 0:01:11]} Rxb3 {[%clk 0:09:55]} 75. Nc6 {[%clk 0:01:33]} Rd3 76. Re8+ 1-0

[Event "Mästar Elit"]
[Site "Örebro"]
[Date "2013.07.14"]
[Round "9"]
[White "Cramling, Dan"]
[Black "Larsson, Anders"]
[Result "0-1"]
[BlackElo "2314"]
[WhiteElo "2371"]

1. Nf3 {[%clk 1:26:02]} Nf6 {[%clk 1:26:32]} 2. c4 {[%clk 1:26:22]} g6
{[%clk 1:26:35]} 3. Nc3 {[%clk 1:26:42]} Bg7 {[%clk 1:26:47]} 4. e4
{[%clk 1:26:57]} d6 {[%clk 1:26:45]} 5. d4 {[%clk 1:27:18]} O-O {[%clk 1:26:56]}
6. Be2 {[%clk 1:27:33]} c5 {[%clk 1:26:28]} 7. O-O {[%clk 1:27:37]} Bg4
{[%clk 1:21:31]} 8. d5 {[%clk 1:25:38]} Nbd7 {[%clk 1:19:34]} 9. Be3
{[%clk 1:18:46]} Ne8 {[%clk 1:13:16]} 10. h3 {[%clk 1:16:06]} Bxf3
{[%clk 1:12:09]} 11. Bxf3 {[%clk 1:16:29]} Nc7 {[%clk 1:09:40]} 12. Be2
{[%clk 1:13:05]} a6 {[%clk 1:07:41]} 13. a4 {[%clk 1:11:32]} Re8 {[%clk 0:57:39]}
14. Qd2 {[%clk 1:03:04]} e6 {[%clk 0:48:42]} 15. Bg5 {[%clk 1:01:13]} Qb8
{[%clk 0:45:16]} 16. Rae1 {[%clk 0:51:22]} exd5 {[%clk 0:37:45]} 17. exd5
{[%clk 0:49:16]} f5 {[%clk 0:37:14]} 18. Bf4 {[%clk 0:36:37]} Ne5
{[%clk 0:36:41]} 19. Bh6 {[%clk 0:36:18]} Bf6 {[%clk 0:35:28]} 20. Be3
{[%clk 0:36:11]} Qd8 {[%clk 0:32:12]} 21. f4 {[%clk 0:29:29]} Nf7
{[%clk 0:30:08]} 22. Kh2 {[%clk 0:29:28]} Re7 {[%clk 0:29:00]} 23. g4
{[%clk 0:25:38]} fxg4 {[%clk 0:24:53]} 24. hxg4 {[%clk 0:25:29]} Qd7
{[%clk 0:20:36]} 25. g5 {[%clk 0:13:41]} Bg7 {[%clk 0:18:42]} 26. Kg3
{[%clk 0:12:13]} Rae8 {[%clk 0:18:02]} 27. Bg4 {[%clk 0:12:03]} Qd8
{[%clk 0:17:01]} 28. Bd1 {[%clk 0:08:43]} Nxg5 {[%clk 0:09:01]} 29. fxg5
{[%clk 0:07:38]} Rxe3+ {[%clk 0:08:40]} 30. Rxe3 {[%clk 0:07:42]} Qxg5+
{[%clk 0:08:51]} 31. Kf3 {[%clk 0:07:25]} Rf8+ {[%clk 0:07:53]} 32. Ke2
{[%clk 0:07:18]} Qg2+ {[%clk 0:08:02]} 33. Kd3 Qxf1+ {[%clk 0:08:09]} 34. Kc2
{[%clk 0:07:39]} Bh6 {[%clk 0:06:30]} 0-1

[Event "Mästar Elit"]
[Site "Örebro"]
[Date "2013.07.14"]
[Round "9"]
[White "Andréasson, Ingvar"]
[Black "Johansson, Linus"]
[Result "1/2-1/2"]
[BlackElo "2347"]
[WhiteElo "2345"]

1. e4 {[%clk 1:29:54]} c5 {[%clk 1:30:26]} 2. Nf3 {[%clk 1:29:51]} Nc6
{[%clk 1:30:51]} 3. Bb5 {[%clk 1:30:14]} d6 {[%clk 1:30:26]} 4. O-O
{[%clk 1:29:58]} Bd7 {[%clk 1:30:48]} 5. Re1 {[%clk 1:26:33]} a6 {[%clk 1:31:12]}
6. Bf1 {[%clk 1:26:57]} g6 {[%clk 1:29:25]} 7. a4 {[%clk 1:25:12]} Bg7
{[%clk 1:29:29]} 8. Na3 {[%clk 1:25:39]} Rb8 {[%clk 1:26:31]} 9. c3
{[%clk 1:21:46]} Nf6 {[%clk 1:21:35]} 10. Nc4 {[%clk 1:20:01]} O-O
{[%clk 1:17:05]} 11. e5 {[%clk 1:15:18]} dxe5 {[%clk 1:15:25]} 12. Nfxe5
{[%clk 1:13:45]} Nxe5 {[%clk 1:15:14]} 13. Nxe5 {[%clk 1:14:12]} Be6
{[%clk 1:14:39]} 14. a5 {[%clk 1:09:54]} Qc7 {[%clk 1:06:51]} 15. d3
{[%clk 1:04:14]} Rbd8 {[%clk 1:03:06]} 16. h3 {[%clk 1:03:13]} Nd5
{[%clk 1:01:34]} 17. Qe2 {[%clk 0:58:55]} Bf5 {[%clk 0:59:48]} 18. g4
{[%clk 0:55:44]} Bc8 {[%clk 0:55:11]} 19. Bg2 {[%clk 0:46:16]} Rfe8
{[%clk 0:46:05]} 20. Nxf7 {[%clk 0:41:58]} Nxc3 {[%clk 0:33:48]} 21. bxc3
{[%clk 0:41:47]} Kxf7 {[%clk 0:34:13]} 22. Qe4 {[%clk 0:39:40]} 1/2-1/2